Animated TV Character Sort II Quiz Stats

Quiz Updated Sep 13, 2017

Challenge
Share
Tweet
Embed
Score 0/20 Timer 04:00
11 Plays Today
Question Answer Wrong Answers
Sandy Cheeks SpongeBob SquarePants
92.3%
Rick and Morty
1.3%
Futurama
1.3%
American Dad!
1.1%
Larry the Lobster SpongeBob SquarePants
91%
Rick and Morty
1.4%
Futurama
2.7%
American Dad!
1%
Mermaid Man SpongeBob SquarePants
86.5%
Rick and Morty
4.8%
Futurama
3.3%
American Dad!
1.4%
John Zoidberg Futurama
85.5%
SpongeBob SquarePants
1.3%
Rick and Morty
4.4%
American Dad!
4.3%
Mrs. Puff SpongeBob SquarePants
82.8%
Rick and Morty
6.9%
Futurama
2.7%
American Dad!
3.3%
Mr. Poopybutthole Rick and Morty
77.5%
SpongeBob SquarePants
8.9%
Futurama
3.2%
American Dad!
5.9%
Birdperson Rick and Morty
77.1%
SpongeBob SquarePants
4%
Futurama
8%
American Dad!
6.2%
Mr. Meeseeks Rick and Morty
75.2%
SpongeBob SquarePants
7.8%
Futurama
7.1%
American Dad!
5.1%
Klaus Heissler American Dad!
69.8%
SpongeBob SquarePants
3%
Rick and Morty
9.8%
Futurama
12.6%
Avery Bullock American Dad!
67.8%
SpongeBob SquarePants
2.4%
Rick and Morty
14.6%
Futurama
9.9%
Hermes Conrad Futurama
67.3%
SpongeBob SquarePants
5.6%
Rick and Morty
9.1%
American Dad!
13%
Principal Lewis American Dad!
67%
SpongeBob SquarePants
2.6%
Rick and Morty
22.3%
Futurama
3.5%
Lrrr Futurama
66%
SpongeBob SquarePants
4.1%
Rick and Morty
19.7%
American Dad!
5.2%
Gearhead Rick and Morty
66%
SpongeBob SquarePants
2.9%
Futurama
21%
American Dad!
5.3%
Kif Kroker Futurama
65%
SpongeBob SquarePants
4.5%
Rick and Morty
12.5%
American Dad!
13.1%
Morbo Futurama
61.6%
SpongeBob SquarePants
3.8%
Rick and Morty
23.5%
American Dad!
6.1%
Toshi Yoshida American Dad!
57%
SpongeBob SquarePants
2.1%
Rick and Morty
10.1%
Futurama
26%
Greg Corbin American Dad!
56.9%
SpongeBob SquarePants
3%
Rick and Morty
22.5%
Futurama
12.4%
Beth Smith Rick and Morty
50.9%
SpongeBob SquarePants
1.1%
Futurama
4.6%
American Dad!
38.6%
Old Man Jenkins SpongeBob SquarePants
45.7%
Rick and Morty
14.4%
Futurama
10.2%
American Dad!
25.1%

You're not logged in!

Compare scores with friends on all Sporcle quizzes.
Sign Up with Email
OR
Log In

You Might Also Like...

Show Comments

Extras

Top Quizzes Today


Score Distribution

Your Account Isn't Verified!

In order to create a playlist on Sporcle, you need to verify the email address you used during registration. Go to your Sporcle Settings to finish the process.